Top 50 most Visited Countries in 2024 - Statistics

General Stats
  • This quiz has been taken 223 times
  • The average score is 37 of 50
Answer Stats
Rank Visitors % of total Tourists Starts With Answer % Correct
1 117.1M 11.7% F France
99%
4 45M 4.5% U United States
96%
3 51.1M 5.1% M Mexico
94%
6 38.4M 3.9% I Italy
93%
8 36.4M 3.7% S Spain
92%
22 11.1M 1.1% U United Kingdom
92%
11 30.4M 3.1% C China
90%
2 88.5M 8.9% P Poland
89%
39 4.2M 0.4% P Portugal
89%
14 17.9M 1.8% I India
88%
41 4.1M 0.4% J Japan
88%
5 39.9M 4.0% T Thailand
88%
9 32.4M 3.3% C Canada
87%
20 12.4M 1.3% G Germany
87%
31 6.4M 0.6% B Brazil
85%
42 4.1M 0.4% I Indonesia
84%
27 7.3M 0.7% A Argentina
83%
30 6.4M 0.6% R Russia
83%
15 16M 1.6% T Turkey
82%
19 13M 1.3% E Egypt
81%
16 15.6M 1.6% D Denmark
80%
26 7.4M 0.7% G Greece
80%
23 11M 1.1% I Ireland
78%
18 15.1M 1.5% A Austria
77%
28 7.3M 0.7% N Netherlands
77%
32 5.4M 0.5% C Chile
75%
10 31.6M 3.2% H Hungary
75%
43 3.9M 0.4% S South Africa
75%
25 8.1M 0.8% U United Arab Emirates
75%
21 11.8M 1.2% S Switzerland
74%
44 3.8M 0.4% V Vietnam
74%
12 21.6M 2.2% C Croatia
70%
7 37.2M 3.7% C Czech Republic
69%
49 2.8M 0.3% M Morocco
69%
47 3.4M 0.4% U Ukraine
69%
35 5M 0.5% R Romania
68%
38 4.3M 0.4% M Malaysia
67%
13 20.3M 2.0% S Saudi Arabia
67%
37 4.9M 0.5% I Israel
63%
17 15.3M 1.5% S Slovakia
62%
36 5M 0.5% B Bulgaria
61%
46 3.5M 0.4% U Uruguay
60%
33 5.3M 0.5% N Nigeria
57%
50 2.7M 0.3% D Dominican Republic
56%
45 3.6M 0.4% B Belarus
46%
48 3.2M 0.3% L Latvia
45%
29 6.7M 0.7% U Uzbekistan
45%
40 4.1M 0.4% C Cyprus
43%
34 5.2M 0.5% A Andorra
37%
24 8.5M 0.9% K Kyrgyzstan
36%
No matching quizzes found
Score Distribution
Percent of People with Each Score
Percentile by Number Answered
Your Score History
You have not taken this quiz